000 00961nam a2200277 i 4500
003 DO-SdBNP
005 20250217130314.0
007 ta
008 240209b2023 dr ||||| |||| 00| 0 spa d
020 _a9789945484601
040 _aDO-SdBNP
_bspa
_cBNPHU
_erda
082 4 _222
100 _aMesa, Darihel,
_975916
_eautor
245 1 0 _aPacto con tu nombre :
_bpoesía /
_cDarihel Mesa ; edición, Ramón Mesa ; corrección, Ysabel Florentino.
264 _aSan Cristobal, República Dominicana :
_bFlam,
_c2023.
300 _a87 páginas :
_bilustraciones ;
_c23 cm.
336 _atexto
_btxt
_2rdacontent
337 _asin mediación
_bn
_2rdamedia
338 _avolumen
_bnc
_2rdacarrier
500 _aIncluye datos biográficos del autor en las solapas
590 _aInventariado, 2024/BT
700 1 _aMesa, Ramón,
_ecuidado de edición
_943164
700 1 _aFlorentino, Ysabel,,
_ecorrección de texto
_984897
910 _aBtavárez
942 _2ddc
_cLBS1
999 _c55899
_d55899